000 00287nam a22001097a 4500
082 _a621.31042 OKE'I
100 _aSIMMONS, S,O' KELLY, D
_978885
245 _aITRODUCTION TO GENERALIZED ELECTRICAL MACHINES THEORY
260 _aISLAMABAD
_bNATIONAL
_c1957
300 _a209P
942 _cBK
999 _c583949
_d583949